Tratado de construcción: propiedades de los materiales, aglomerantes: fabricación, aplicaciones y usos
Сохранить в:
| Главный автор: | |
|---|---|
| Формат: | |
| Язык: | испанский |
| Опубликовано: |
Ciudad de México
Continental
1960
|
| Предметы: | |
| Метки: |
Добавить метку
Нет меток, Требуется 1-ая метка записи!
|
MARC
| LEADER | 00000nam a2200000 a 4500 | ||
|---|---|---|---|
| 001 | UCU7233 | ||
| 003 | CL-VaPUC | ||
| 008 | 960628e19600000MX |||||||||||||||||spa|d | ||
| 082 | 0 | 4 | |a 690 |b SAA |2 21 |
| 100 | 0 | |a Saad, Antonio Miguel |e author |9 365886 | |
| 245 | 1 | 0 | |a Tratado de construcción: propiedades de los materiales, aglomerantes: fabricación, aplicaciones y usos |
| 300 | |a v | ||
| 942 | |c BK | ||
| 945 | |d 19960628 00:00:00 |a paguirre | ||
| 260 | |a Ciudad de México |b Continental |c 1960 | ||
| 650 | 0 | |a Construcción |9 260195 | |
| 650 | 0 | |a Materiales de construcción |9 260197 | |
| 650 | 0 | |a Propiedades mecánicas |9 262507 | |
| 650 | 0 | |a Arcilla |9 262838 | |
| 650 | 0 | |a Yeso |9 262896 | |
| 650 | 7 | |a CEMENTOS |2 CL-VaPUC |9 262741 | |
| 650 | 0 | |a Asfalto |9 262568 | |
| 583 | |a last modification |c 19960628 00:00:00 |k Rodrigo Vera | ||
| 999 | |c 249911 |d 249909 | ||
| 952 | |0 0 |1 0 |4 0 |6 690_000000000000000_SAA_1960 |7 0 |8 A |9 267475 |a BIBING |b BIBING |d 2019-11-19 |h v.1 |i 1698451 |o 690 SAA 1960 |p 1698451 |r 2025-01-20 |w 2019-11-19 |y BK |k CCL | ||